|
|
|
|
| LEADER |
00000nam a2200000 a 4500 |
| 001 |
UCS9538 |
| 003 |
CL-VaPUC |
| 008 |
971121e19520000SP |||||||||||||||||spa|d |
| 082 |
0 |
4 |
|a 209
|b ALF
|2 21
|
| 100 |
0 |
|
|a Alfaro, Juan Bautista
|e author
|9 394696
|
| 245 |
1 |
3 |
|a Lo natural y lo sobrenatural: estudio histórico desde santo Tomás hasta Cayetano 1274-1534
|
| 300 |
|
|
|a 422 p
|
| 942 |
|
|
|c BK
|
| 945 |
|
|
|d 19971121 00:00:00
|a jquezada
|
| 260 |
|
|
|a Burgos
|b Matriti
|c 1952
|
| 600 |
|
0 |
|a Tomás de Aquino
|d 1220-1274
|c Santo
|9 255832
|
| 600 |
0 |
7 |
|a CAYETANO
|2 CL-VaPUC
|9 394697
|
| 650 |
|
7 |
|a TEOLOGIA CATOLICA
|2 CL-VaPUC
|9 394698
|
| 650 |
|
0 |
|a Sobrenatural
|9 394699
|
| 650 |
|
0 |
|a Historia
|9 255047
|
| 650 |
|
0 |
|a Dios
|9 266622
|
| 650 |
|
0 |
|a Felicidad
|9 257029
|
| 650 |
|
0 |
|a Naturaleza
|9 269656
|
| 650 |
|
0 |
|a Teólogos
|9 321227
|
| 583 |
|
|
|a last modification
|c 19971121 00:00:00
|k Rodrigo Vera
|
| 999 |
|
|
|c 263321
|d 263319
|
| 952 |
|
|
|0 0
|1 0
|4 0
|6 209_000000000000000_ALF_1952
|7 0
|8 A
|9 292546
|a BIBTEO
|b BIBTEO
|d 2019-11-19
|i 3367975
|o 209 ALF 1952
|p 3367975
|r 2019-11-19
|w 2019-11-19
|y BK
|k ICR
|